000
00279nam a2200109Ia 4500
008
190913s9999||||xx |||||||||||||| ||und||
100
_a
Syed Zainul abdein
245
0
_a
Advanced Accounting and cost Accounting
260
_a
Karachi
_b
Gardezi
_c
2001
300
_a
609
942
_c
BK
999
_c
8071
_d
8071